000 00732nam a2200253Ia 4500
003 OSt
005 20221006143721.0
006 a|||||r|||| 00| 0
007 ta
008 221006b |||||||| |||| 00| 0 eng d
020 _c
_10.00
024 _a9,753
037 _cTextual
040 _aEASL
_cEASL
_beng
041 _2eng
_aeng
082 _aX62v1.N1:(G), K7
100 _aCAMERON Rondo etc
_9650297
245 0 _aBanking in the early stages of industrialization
_b A study in comparative economic history
260 _aNew York
_bOxford University Press
_c1967
300 _a350p.
_ccm.
490 _v Oth
942 _hX62v1.N1:(G), K7
_cTEXL
_2CC
999 _c1077839
_d1077839